000 00604nam a2200205 a 4500
001 19705
003 CO-ViMGA
008 141112s2004 ck r 000 u spa d
020 _a9588360049
040 _aCO-ViMGA
_bspa
_cCO-ViMGA
082 0 4 _a980 A724c
100 1 _aArciniegas, Germán
245 1 0 _aCuando América completo la tierra
260 _aBogotá :
_bVillegas editores,
_c2001
300 _a303 p.
590 _aForma de adquisición : Premio Mincultura
650 1 4 _aAmérica - DESCUBRIMIENTO Y EXPLORACIONES
650 1 4 _aAmérica - HISTORIA - ENSAYOS, CONFERENCIAS
942 _2ddc
_cBK
999 _c28840
_d28840